[Event "Bodensee op"]
[Site "Bregenz"]
[Date "2024.05.07"]
[Round "4"]
[White "Pfister, Peter"]
[Black "Cziko, Eduard Carol"]
[Result "1-0"]
[WhiteElo "2040"]
[BlackElo "1904"]
[PlyCount "139"]
[EventDate "2024.05.04"]
[EventType "swiss"]
[EventRounds "9"]
[EventCountry "AUT"]
[SourceTitle "CB20_2024"]
[SourceDate "2024.05.16"]
[SourceVersion "1"]
[SourceVersionDate "2024.05.16"]
[SourceQuality "1"]

1. Nf3 Nf6 2. b3 d5 3. g3 c6 4. Bg2 Bg4 5. 0-0 Nbd7 6. Bb2 e6 7. c4 Bd6 8. d3 0-0 9. h3 Bh5 10. g4 Bg6 11. Nh4 Re8 12. Nxg6 hxg6 13. e3 e5 14. cxd5 cxd5 15. Nc3 Nb6 16. g5 Nh5 17. Qg4 Bf8 18. Rac1 a6 19. Rc2 Re6 20. Ne2 Rc8 21. Rxc8 Qxc8 22. Rc1 Qd7 23. Nc3 f5 24. gxf6 Nxf6 25. Qf3 Rc6 26. Qg3 Bd6 27. Qxg6 Bb8 28. Ne2 Rxc1+ 29. Bxc1 Qc6 30. Ba3 Nbd7 31. Ng3 Nf8 32. Bxf8 Kxf8 33. Nf5 Ne8 34. Qg5 Bd6 35. Qd8 e4 36. Nxd6 Qxd6 37. Qxd6+ Nxd6 38. dxe4 dxe4 39. Kh2 b5 40. Kg3 b4 41. Kf4 a5 42. Bxe4 Nb5 43. Bc2 Nc3 44. Ke5 Ke7 45. f4 Nxa2 46. Kd5 Nc3+ 47. Kc5 Ne2 48. Kb5 Kd6 49. Kxa5 Kc5 50. h4 Nc3 51. f5 Nd5 52. e4 Ne3 53. Bb1 Ng4 54. Bd3 Ne5 55. Bc2 Nd7 56. Bd3 Ne5 57. Bf1 Nd7 58. Bc4 Ne5 59. Bd5 Nf3 60. h5 Ne5 61. Be6 Ng4 62. Bf7 Ne5 63. Be8 Ng4 64. e5 Kd5 65. f6 gxf6 66. exf6 Nxf6 67. Bf7+ Kc5 68. h6 Nh7 69. Bg6 Nf8 70. Bf5 1-0

[Event "Budapest FS03 FM-2"]
[Site "Budapest"]
[Date "2024.03.18"]
[Round "5"]
[White "Cziko, Eduard Carol"]
[Black "Mayer, Istvan"]
[Result "1/2-1/2"]
[WhiteElo "1931"]
[BlackElo "1872"]
[PlyCount "57"]
[EventDate "2024.03.14"]
[EventType "tourn"]
[EventRounds "9"]
[EventCountry "HUN"]
[SourceTitle "CB15_2024"]
[SourceDate "2024.04.10"]
[SourceVersion "1"]
[SourceVersionDate "2024.04.10"]
[SourceQuality "1"]

1. e4 e6 2. d4 d5 3. e5 c5 4. c3 Nc6 5. Nf3 Qa5 6. a3 Qc7 7. Bd3 f6 8. Qe2 fxe5 9. Nxe5 cxd4 10. Nxc6 bxc6 11. cxd4 Nf6 12. Nd2 c5 13. Nf3 Bd6 14. Bb5+ Ke7 15. dxc5 Bxc5 16. Bg5 a6 17. Bd3 Bd7 18. 0-0 Qb6 19. Rfe1 h6 20. Bd2 Ng4 21. Bb4 Bxb4 22. axb4 Bb5 23. Bxb5 axb5 24. Rad1 Nf6 25. Nd4 Ra6 26. Nxb5 Ra4 27. Nc3 Rxb4 28. Nxd5+ Nxd5 29. Rxd5 1/2-1/2

[Event "Budapest FS03 FM-2"]
[Site "Budapest"]
[Date "2024.03.16"]
[Round "3"]
[White "Cziko, Eduard Carol"]
[Black "Aadhya, V."]
[Result "1-0"]
[WhiteElo "1931"]
[BlackElo "1714"]
[PlyCount "77"]
[EventDate "2024.03.14"]
[EventType "tourn"]
[EventRounds "9"]
[EventCountry "HUN"]
[SourceTitle "CB15_2024"]
[SourceDate "2024.04.10"]
[SourceVersion "1"]
[SourceVersionDate "2024.04.10"]
[SourceQuality "1"]

1. e4 e5 2. Nf3 Nc6 3. Nc3 Nf6 4. Bb5 d6 5. d4 exd4 6. Nxd4 Bd7 7. Nxc6 bxc6 8. Bd3 Be7 9. 0-0 0-0 10. f4 d5 11. Qf3 Bg4 12. Qf2 d4 13. Ne2 c5 14. b3 Bc8 15. h3 Bb7 16. Ng3 Re8 17. Bd2 Bf8 18. Rae1 Qd7 19. a4 g6 20. f5 Bg7 21. Bg5 Rf8 22. Qf4 Qc6 23. Rf2 a6 24. Bh6 Nd7 25. Bxg7 Kxg7 26. e5 Rae8 27. f6+ Kh8 28. Qh6 Rg8 29. Be4 Qb6 30. Bxb7 Qxb7 31. e6 Qd5 32. e7 Qc6 33. Ne4 Qe6 34. Ree2 Qd5 35. Ng5 Nxf6 36. Rxf6 Rg7 37. Nxh7 Rxh7 38. Qf8+ Rxf8 39. exf8Q# 1-0

[Event "Nova Gorica op 28th"]
[Site "Nova Gorica"]
[Date "2024.01.26"]
[Round "1"]
[White "Cziko, Eduard Carol"]
[Black "Vicic, Mark"]
[Result "1/2-1/2"]
[WhiteElo "1946"]
[BlackElo "1729"]
[PlyCount "57"]
[EventDate "2024.01.26"]
[EventType "swiss"]
[EventRounds "9"]
[EventCountry "SLO"]
[SourceTitle "CB06_2024"]
[SourceDate "2024.02.07"]
[SourceVersion "1"]
[SourceVersionDate "2024.02.07"]
[SourceQuality "1"]

1. e4 c6 2. d4 d5 3. exd5 cxd5 4. Bd3 Nc6 5. c3 Nf6 6. Bf4 Bg4 7. Qb3 Qd7 8. Nd2 e6 9. Ngf3 Bd6 10. Bxd6 Qxd6 11. 0-0 0-0 12. Rae1 Qc7 13. a3 Rac8 14. Ne5 Bh5 15. Ndf3 Nd7 16. Nxc6 bxc6 17. Ne5 c5 18. Nxd7 Qxd7 19. dxc5 Rxc5 20. Qc2 Bg6 21. Bxg6 hxg6 22. Qd2 Rb8 23. h4 Qa4 24. h5 gxh5 25. Re5 Rc4 26. Rxh5 Rh4 27. Rxh4 Qxh4 28. g3 Qc4 29. Rb1 1/2-1/2

[Event "Monsaraz op"]
[Site "Monsaraz"]
[Date "2023.11.26"]
[Round "7"]
[White "Cziko, Eduard Carol"]
[Black "Priyanka, Nutakki"]
[Result "0-1"]
[WhiteElo "1960"]
[BlackElo "2281"]
[PlyCount "52"]
[EventDate "2023.11.21"]
[EventType "swiss"]
[EventRounds "9"]
[EventCountry "POR"]
[SourceTitle "CB49_2023"]
[SourceDate "2023.12.06"]
[SourceVersion "1"]
[SourceVersionDate "2023.12.06"]
[SourceQuality "1"]

1. e4 e6 2. d4 d5 3. e5 c5 4. c3 Nc6 5. Nf3 Bd7 6. Be2 Nge7 7. Na3 cxd4 8. cxd4 Nf5 9. Nc2 f6 10. exf6 Qxf6 11. Bd3 Bd6 12. Bg5 Qf7 13. 0-0 0-0 14. Bxf5 Qxf5 15. Bh4 Bf4 16. Bg3 Be8 17. Bxf4 Qxf4 18. Qe2 Rf6 19. Qe3 Bg6 20. Nce1 Raf8 21. Rd1 Bh5 22. Rd2 h6 23. Re2 Qd6 24. Rd2 Rf4 25. Ne5 Re4 26. Qg3 Nxd4 0-1

[Event "Monsaraz op"]
[Site "Monsaraz"]
[Date "2023.11.23"]
[Round "4"]
[White "Cziko, Eduard Carol"]
[Black "Lohia, Sohum"]
[Result "0-1"]
[WhiteElo "1960"]
[BlackElo "2154"]
[PlyCount "72"]
[EventDate "2023.11.21"]
[EventType "swiss"]
[EventRounds "9"]
[EventCountry "POR"]
[SourceTitle "CB49_2023"]
[SourceDate "2023.12.06"]
[SourceVersion "1"]
[SourceVersionDate "2023.12.06"]
[SourceQuality "1"]

1. e4 e5 2. Nf3 Nc6 3. d4 exd4 4. Nxd4 Nf6 5. Nxc6 bxc6 6. Bd3 d5 7. exd5 cxd5 8. 0-0 Be7 9. c4 0-0 10. Nc3 Bb7 11. Bf4 d4 12. Nb5 c5 13. Re1 a6 14. Qe2 axb5 15. Qxe7 Qxe7 16. Rxe7 bxc4 17. Bxc4 Bd5 18. b3 Bxc4 19. bxc4 Ra4 20. Bd6 Rfa8 21. Bxc5 Rxc4 22. Ba7 h6 23. h3 Ra4 24. Bc5 Rc4 25. Ba7 Ra4 26. Bc5 Rc8 27. Bd6 d3 28. Rc7 Rxc7 29. Bxc7 Nd5 30. Be5 d2 31. Kf1 f6 32. Bb2 Rb4 33. Ba3 Rd4 34. Rd1 Nc3 35. Bb2 Nxd1 36. Bxd4 Nc3 0-1

[Event "Solta op 6th"]
[Site "Grohote"]
[Date "2023.07.02"]
[Round "6"]
[White "Cziko, Eduard Carol"]
[Black "Grgantov, Marin"]
[Result "0-1"]
[WhiteElo "1992"]
[BlackElo "2145"]
[PlyCount "56"]
[EventDate "2023.06.27"]
[EventType "swiss"]
[EventRounds "9"]
[EventCountry "CRO"]
[SourceTitle "EXT 2024"]
[Source "ChessBase"]
[SourceDate "2023.10.10"]
[SourceVersion "1"]
[SourceVersionDate "2023.10.10"]
[SourceQuality "1"]

1. e4 e5 2. Nf3 Nc6 3. d4 exd4 4. Nxd4 Bc5 5. Nb3 Bb6 6. Nc3 Nf6 7. Qe2 0-0 8. Be3 d5 9. 0-0-0 d4 10. Bg5 h6 11. Bh4 Be6 12. e5 g5 13. Bxg5 hxg5 14. exf6 Qxf6 15. Ne4 Qf4+ 16. Nbd2 Kg7 17. g3 Qf5 18. Bg2 Rad8 19. Qh5 f6 20. h4 Rh8 21. Qe2 Nb4 22. Bh3 g4 23. Bg2 Nxc2 24. Nc4 d3 25. Rxd3 Bxc4 26. Ng5 Qxd3 27. Qe7+ Kg8 28. Ne4 Rh6 0-1

[Event "EU-ch Seniors 50 22nd"]
[Site "Acqui Terme"]
[Date "2023.05.30"]
[Round "5"]
[White "Cmiel, Thorsten"]
[Black "Cziko, Eduard Carol"]
[Result "1/2-1/2"]
[WhiteElo "2046"]
[BlackElo "1885"]
[PlyCount "39"]
[EventDate "2023.05.26"]
[EventType "swiss"]
[EventRounds "9"]
[EventCountry "ITA"]
[SourceTitle "CBM 214 Extra"]
[Source "ChessBase"]
[SourceDate "2023.07.31"]
[SourceVersion "1"]
[SourceVersionDate "2023.07.31"]
[SourceQuality "1"]

1. d4 e6 2. c4 Nf6 3. Nf3 c5 4. g3 cxd4 5. Nxd4 e5 6. Nf3 e4 7. Nd4 d5 8. cxd5 Qxd5 9. Nc3 Bb4 10. Qa4+ Nc6 11. Qxb4 Qxd4 12. Qxd4 Nxd4 13. Rb1 e3 14. Bxe3 Nc2+ 15. Kd2 Bf5 16. Rd1 0-0-0+ 17. Kc1 Nxe3 18. fxe3 Ng4 19. Bh3 Nxe3 20. Bxf5+ 1/2-1/2

[Event "EU-ch Seniors 50 22nd"]
[Site "Acqui Terme"]
[Date "2023.05.28"]
[Round "3"]
[White "Katzir, Moshe"]
[Black "Cziko, Eduard Carol"]
[Result "1-0"]
[WhiteElo "2150"]
[BlackElo "1885"]
[PlyCount "99"]
[EventDate "2023.05.26"]
[EventType "swiss"]
[EventRounds "9"]
[EventCountry "ITA"]
[SourceTitle "CBM 214 Extra"]
[Source "ChessBase"]
[SourceDate "2023.07.31"]
[SourceVersion "1"]
[SourceVersionDate "2023.07.31"]
[SourceQuality "1"]

1. e4 e6 2. d4 d5 3. Nd2 c5 4. exd5 Qxd5 5. dxc5 Nf6 6. Ngf3 Qxc5 7. Bd3 Nbd7 8. 0-0 Qc7 9. Qe2 b6 10. Ne4 Be7 11. Neg5 0-0 12. b4 Bb7 13. b5 Nc5 14. Ne5 Bd6 15. Ng4 Nxd3 16. Qxd3 Rfd8 17. Nxf6+ gxf6 18. Qxh7+ Kf8 19. Qh6+ Ke7 20. Nh7 Qc3 21. Rb1 Rg8 22. f3 Rg6 23. Qh3 Rag8 24. Ng5 fxg5 25. Rb3 Qxc2 26. Qg4 Qc5+ 27. Be3 Qe5 28. g3 f5 29. Qa4 Bb8 30. Bd4 Qd5 31. Rd3 e5 32. Re1 Re6 33. Rde3 Rgg6 34. Bb2 g4 35. Rd1 f4 36. Rxd5 fxe3 37. Rd1 gxf3 38. Qa3+ Bd6 39. Qxa7 Bc5 40. Qxb7+ Ke8 41. Qa8+ Kf7 42. Qxf3+ Rgf6 43. Qh5+ Ke7 44. Qh7+ Rf7 45. Rd7+ Kxd7 46. Qxf7+ Re7 47. Qf5+ Ke8 48. Qc8+ Kf7 49. Kf1 Re6 50. Ke1 1-0

[Event "EU-ch Seniors 50 22nd"]
[Site "Acqui Terme"]
[Date "2023.05.26"]
[Round "1"]
[White "Vehi Bach, Victor Manuel"]
[Black "Cziko, Eduard Carol"]
[Result "0-1"]
[WhiteElo "2236"]
[BlackElo "1885"]
[PlyCount "70"]
[EventDate "2023.05.26"]
[EventType "swiss"]
[EventRounds "9"]
[EventCountry "ITA"]
[SourceTitle "CBM 214 Extra"]
[Source "ChessBase"]
[SourceDate "2023.07.31"]
[SourceVersion "1"]
[SourceVersionDate "2023.07.31"]
[SourceQuality "1"]

1. e4 e6 2. d4 d5 3. Nc3 Bb4 4. e5 c5 5. a3 Bxc3+ 6. bxc3 Ne7 7. Qg4 Qc7 8. Qxg7 Rg8 9. Qxh7 cxd4 10. Ne2 Nbc6 11. f4 dxc3 12. Qd3 d4 13. h4 Bd7 14. h5 0-0-0 15. h6 Rg6 16. g3 Nf5 17. h7 Rh8 18. Bg2 Nce7 19. Be4 Bc6 20. Rh3 Bxe4 21. Qxe4 Qc6 22. Qxc6+ Nxc6 23. Kf2 Rg7 24. Kg2 Rgxh7 25. Rxh7 Rxh7 26. Rb1 Rh8 27. a4 Rd8 28. g4 Nh6 29. Kf3 Rg8 30. g5 Nf5 31. Ng3 Nxg3 32. Kxg3 Ne7 33. Ba3 Nf5+ 34. Kf3 Rd8 35. Ke4 d3 0-1

[Event "Bodensee op"]
[Site "Bregenz"]
[Date "2023.05.19"]
[Round "7"]
[White "Cziko, Eduard Carol"]
[Black "Novkovic, Julia"]
[Result "1-0"]
[WhiteElo "1885"]
[BlackElo "2078"]
[PlyCount "127"]
[EventDate "2023.05.13"]
[EventType "swiss"]
[EventRounds "9"]
[EventCountry "AUT"]
[SourceTitle "CBM 215 Extra"]
[Source "ChessBase"]
[SourceDate "2023.09.30"]
[SourceVersion "1"]
[SourceVersionDate "2023.09.30"]
[SourceQuality "1"]

1. e4 e5 2. Nf3 Nc6 3. d4 exd4 4. Nxd4 Bc5 5. Nb3 Bb6 6. Nc3 d6 7. Qe2 Nf6 8. Be3 Qe7 9. Bxb6 axb6 10. 0-0-0 Be6 11. Kb1 0-0 12. f3 Bxb3 13. cxb3 Ra5 14. a3 Re8 15. Qf2 Qd8 16. g4 Nd7 17. f4 Nf8 18. h4 Ne7 19. b4 Ra8 20. h5 c6 21. h6 Neg6 22. g5 gxh6 23. Rxh6 b5 24. Bd3 Qe7 25. Rdh1 Red8 26. Bc2 d5 27. exd5 cxd5 28. Bb3 d4 29. Nd5 Qe4+ 30. Qc2 Qxc2+ 31. Kxc2 Rac8+ 32. Kd2 Rxd5 33. Bxd5 Nxf4 34. Bxf7+ Kxf7 35. Rf6+ Kg7 36. Rxf4 Ne6 37. Rf5 Rc7 38. Rxb5 Rd7 39. Re1 Nd8 40. Rc1 Kg6 41. Rcc5 Rf7 42. Rb6+ Kg7 43. Rd5 Nc6 44. Rxc6 bxc6 45. Rxd4 Rf2+ 46. Kc3 Kg6 47. Rd6+ Kxg5 48. Rxc6 h5 49. Rc8 h4 50. Rh8 Rf3+ 51. Kc4 h3 52. b5 Rf4+ 53. Kc5 Rh4 54. Rg8+ Kf4 55. Rg1 h2 56. Rh1 Rh5+ 57. Kc6 Rh6+ 58. Kb7 Ke5 59. b6 Kd6 60. Ka7 Kc6 61. b7 Rh7 62. Rc1+ Kb5 63. Ka8 h1Q 64. Rxh1 1-0

[Event "Bodensee op"]
[Site "Bregenz"]
[Date "2023.05.15"]
[Round "3"]
[White "Cziko, Eduard Carol"]
[Black "Biro, Sandor"]
[Result "0-1"]
[WhiteElo "1885"]
[BlackElo "2089"]
[PlyCount "96"]
[EventDate "2023.05.13"]
[EventType "swiss"]
[EventRounds "9"]
[EventCountry "AUT"]
[SourceTitle "CBM 215 Extra"]
[Source "ChessBase"]
[SourceDate "2023.09.30"]
[SourceVersion "1"]
[SourceVersionDate "2023.09.30"]
[SourceQuality "1"]

1. e4 e5 2. Nf3 Nc6 3. d4 exd4 4. Nxd4 Qh4 5. Nc3 Bb4 6. Ndb5 Ba5 7. Be2 a6 8. Nd4 Qxe4 9. Nxc6 Bxc3+ 10. bxc3 Qxc6 11. 0-0 d5 12. Re1 Be6 13. Qd4 Nf6 14. Ba3 0-0-0 15. Rab1 Bf5 16. Qa7 Rhe8 17. Qa8+ Kd7 18. Qxb7 Qxb7 19. Rxb7 Bxc2 20. Kf1 Ne4 21. Rc1 Nd2+ 22. Ke1 Bd3 23. Kxd2 Bxe2 24. Rb2 Bc4 25. Re1 Rxe1 26. Kxe1 Re8+ 27. Kd1 Kc6 28. Rd2 Bf1 29. f3 Bb5 30. Rd4 Be2+ 31. Kc1 Bc4 32. Rd2 Re1+ 33. Kb2 Re8 34. Kc1 a5 35. Kd1 Bb5 36. Rd4 Be2+ 37. Kc1 Bf1 38. Rd2 g6 39. Kc2 Bb5 40. Rd4 Bc4 41. Rd2 Bxa2 42. Kb2 Bc4 43. Kc2 Kb5 44. Kb2 c5 45. Rf2 Re3 46. Kc2 d4 47. Bb2 Re2+ 48. Rxe2 d3+ 0-1